<?xml version="1.0" encoding="UTF-8"?>
<record
    xmlns:xsi="http://www.w3.org/2001/XMLSchema-instance"
    xsi:schemaLocation="http://www.loc.gov/MARC21/slim http://www.loc.gov/standards/marcxml/schema/MARC21slim.xsd"
    xmlns="http://www.loc.gov/MARC21/slim">

  <leader>04428cam a2200301   4500500</leader>
  <controlfield tag="005">20260517000340.0</controlfield>
  <datafield tag="041" ind1=" " ind2=" ">
    <subfield code="a">fre</subfield>
  </datafield>
  <datafield tag="042" ind1=" " ind2=" ">
    <subfield code="a">dc</subfield>
  </datafield>
  <datafield tag="100" ind1="1" ind2="0">
    <subfield code="a">Oliveira, Lilian</subfield>
    <subfield code="e">author</subfield>
  </datafield>
  <datafield tag="700" ind1="1" ind2="0">
    <subfield code="a">Passador, Claudia</subfield>
    <subfield code="e">author</subfield>
  </datafield>
  <datafield tag="245" ind1="0" ind2="0">
    <subfield code="a">Consid&#xE9;rations sur l'indice de performance du Syst&#xE8;me unique de sant&#xE9; (SUS) au Br&#xE9;sil</subfield>
  </datafield>
  <datafield tag="260" ind1=" " ind2=" ">
    <subfield code="c">2015.
							</subfield>
  </datafield>
  <datafield tag="500" ind1=" " ind2=" ">
    <subfield code="a">73</subfield>
  </datafield>
  <datafield tag="520" ind1=" " ind2=" ">
    <subfield code="a">Contexte&#x2008;: Le Syst&#xE8;me unique de sant&#xE9; (SUS), mod&#xE8;le universaliste actuellement existant au Br&#xE9;sil, est au premier plan parmi les politiques sociales en vigueur. Dans un contexte d&#x2019;augmentation des ressources et d&#x2019;accroissement de la demande, le SUS subit constamment des changements visant &#xE0; augmenter la qualit&#xE9;, l&#x2019;acc&#xE8;s et l&#x2019;effectivit&#xE9; des services rendus. Parmi les &#xE9;valuations r&#xE9;alis&#xE9;es dans le cadre du SUS se distinguent les &#xE9;valuations de performance et les &#xE9;valuations &#xE9;conomiques en mati&#xE8;re de sant&#xE9;. Un des nouveaux outils utilis&#xE9;s par le SUS est l&#x2019;IDSUS (Indice de performance du Syst&#xE8;me unique de sant&#xE9;) qui vise &#xE0; mesurer la performance de chaque municipalit&#xE9; et r&#xE9;gion en ce qui concerne l&#x2019;acc&#xE8;s et l&#x2019;effectivit&#xE9; du syst&#xE8;me. L&#x2019;indice se compose de 24 indicateurs, dont 14 mesurent l&#x2019;acc&#xE8;s &#xE0; la sant&#xE9; et dix mesurent l&#x2019;effectivit&#xE9; du syst&#xE8;me. En bref, les indicateurs comme l&#x2019;IDSUS peuvent aider &#xE0; &#xE9;lever les niveaux de sant&#xE9; au Br&#xE9;sil. Objectifs&#x2008;: Ainsi, le principal objectif de ce travail est d&#x2019;identifier les mod&#xE8;les d&#x2019;&#xE9;valuation de la performance et d&#x2019;&#xE9;valuation &#xE9;conomique en mati&#xE8;re de sant&#xE9; qui existent actuellement dans le Syst&#xE8;me unique de sant&#xE9;. Il s&#x2019;agit aussi de v&#xE9;rifier les potentialit&#xE9;s de ces deux mod&#xE8;les d&#x2019;&#xE9;valuation, en particulier l&#x2019;IDSUS, dans l&#x2019;am&#xE9;lioration et le perfectionnement de l&#x2019;administration publique en mati&#xE8;re de sant&#xE9; au Br&#xE9;sil. M&#xE9;thodes&#x2008;: La m&#xE9;thode de travail &#xE9;tait fond&#xE9;e sur la litt&#xE9;rature pour la structuration et le d&#xE9;veloppement de l&#x2019;approche th&#xE9;orique. R&#xE9;sultats&#x2008;: On constate que les diff&#xE9;rents mod&#xE8;les existants d&#x2019;&#xE9;valuation du syst&#xE8;me sont appliqu&#xE9;s de fa&#xE7;on fragment&#xE9;e et&#xA0;sans production analytique et ne se transforment pas en strat&#xE9;gie d&#x2019;action pour les administrateurs publics.</subfield>
  </datafield>
  <datafield tag="520" ind1=" " ind2=" ">
    <subfield code="a">Considerations on the Brazilian national health system (SUS) performance index Background: The Brazilian National Health System (SUS), a universal model currently established in Brazil, has a leading position among social policies. In a context of increased resources and growth of demand, the SUS constantly undergoes changes designed to improve the quality, access and effectiveness of the service provided. One of the major assessments conducted within the SUS consists of performance appraisals and health economic evaluations. One of the new tools used by the SUS is the IDSUS (Brazilian National Health System Performance Index) designed to measure the performance of each municipality and region in relation to access to and effectiveness of the health care system. This index is composed of twenty-four indicators, fourteen that measure access to health care and ten that measure the effectiveness of the system. Briefly, indicators such as the IDSUS can help to improve levels of health in Brazil. Objectives: The primary objective of this study was to identify the currently National Health System assessment models and verify the potential of evaluation models, especially IDSUS, for enhancement and improvement of public health management in&#xA0;Brazil. Methodology: This study was based on a review of the literature for structuring and development of the theoretical approach. Results: Application of the various available health care system evaluation models remains fragmented and does not result in an action plan for public health administrators.</subfield>
  </datafield>
  <datafield tag="690" ind1=" " ind2=" ">
    <subfield code="a">Br&#xE9;sil</subfield>
  </datafield>
  <datafield tag="690" ind1=" " ind2=" ">
    <subfield code="a">&#xE9;tudes d'&#xE9;valuation comme sujet</subfield>
  </datafield>
  <datafield tag="690" ind1=" " ind2=" ">
    <subfield code="a">indice de performance du Syst&#xE8;me unique de sant&#xE9;</subfield>
  </datafield>
  <datafield tag="690" ind1=" " ind2=" ">
    <subfield code="a">politique sanitaire</subfield>
  </datafield>
  <datafield tag="690" ind1=" " ind2=" ">
    <subfield code="a">Syst&#xE8;me unique de sant&#xE9;</subfield>
  </datafield>
  <datafield tag="690" ind1=" " ind2=" ">
    <subfield code="a">Brazil</subfield>
  </datafield>
  <datafield tag="690" ind1=" " ind2=" ">
    <subfield code="a">Brazilian national health system</subfield>
  </datafield>
  <datafield tag="690" ind1=" " ind2=" ">
    <subfield code="a">Brazilian national health system performance index</subfield>
  </datafield>
  <datafield tag="690" ind1=" " ind2=" ">
    <subfield code="a">evaluation studies</subfield>
  </datafield>
  <datafield tag="690" ind1=" " ind2=" ">
    <subfield code="a">health policy</subfield>
  </datafield>
  <datafield tag="786" ind1="0" ind2=" ">
    <subfield code="n">Sant&#xE9; Publique | 26 | 6 | 2015-01-20 | p. 829-836 | 0995-3914</subfield>
  </datafield>
  <datafield tag="856" ind1="4" ind2="1">
    <subfield code="u">https://stm.cairn.info/revue-sante-publique-2014-6-page-829?lang=fr&amp;redirect-ssocas=7080</subfield>
  </datafield>
  <datafield tag="999" ind1=" " ind2=" ">
    <subfield code="c">2231507</subfield>
    <subfield code="d">2231507</subfield>
  </datafield>
</record>
